| 000 | 00536nam a22001937a 4500 | ||
|---|---|---|---|
| 005 | 20251108165222.0 | ||
| 008 | 250721s1969 xx 000 0 ara d | ||
| 082 | 1 | 4 | _a612/جلم |
| 100 | 1 | _aجلمسر، برنارد | |
| 245 | 1 | 0 | _aجسم الإنسان / |
| 250 | _aط3 | ||
| 264 | 1 |
_aالقاهرة : _bدار المعارف، _c1969. |
|
| 300 | _a101ص | ||
| 490 | 0 | _aكل شئ عن ؛ 8 | |
| 650 | 1 | 7 | _aالفسيولوجيا |
| 700 | 1 |
_aسلامه، صلاح الدين _eترجمة |
|
| 942 |
_2ddc _cBK |
||
| 999 |
_c22441 _d22441 |
||